| 000 | 00687cam a22002411 4500 | ||
|---|---|---|---|
| 001 | sa 64005934 | ||
| 003 | DLC | ||
| 005 | 20260227112036.0 | ||
| 008 | 890711s1962 ii d 000 0 hino | ||
| 010 | _asa 64005934 | ||
| 035 | _a(OCoLC)19992031 | ||
| 040 |
_aDLC _cWaU _dDLC |
||
| 042 | _apremarc | ||
| 050 | 0 | 0 |
_aPK1936 _b.T3 |
| 100 | 1 |
_aTaṇḍana, Premanārāyaṇa, _d1915-1973. |
|
| 245 | 1 | 0 |
_aSāhityika pāribhāshika śabdāvalī. _bGlossary of literary terms. |
| 260 | _c[1962] | ||
| 300 |
_a224 _c19 cm. |
||
| 500 | _aIn Hindi. | ||
| 650 | 0 |
_aLiterature _xTerminology. |
|
| 650 | 0 |
_aEnglish language _xDictionaries _xHindi. |
|
| 740 | 0 | _aGlossary of literary terms. | |
| 999 |
_c59417 _d59417 |
||